000 00475 a2200157 4500
999 _c8707
_d8707
020 _a9781907698743
050 _aKF 560 LAW 2013
245 _aThe law society's conveyancing handbook/
264 _aLondon :
_bThe Law Society
_c2013
300 _alvii, 1308p. :
500 _aIncludes index
650 _aConveyancing -- England -- Handbooks, manuals,
650 _aConveyancing -- Wales -- Handbooks, manuals
650 _aConveyancing.
942 _2lcc
_cBK
_h560
_iLAW
_kKF